|
|
|
|
| LEADER |
00000cam a2200000 a 4500 |
| 003 |
Ucuenca |
| 005 |
20230308193824.0 |
| 008 |
000000|2002 ||||||||r|||||||||||spa|| |
| 040 |
|
|
|b spa
|
| 041 |
0 |
|
|a es
|
| 082 |
1 |
|
|a .
|c TBQ-395
|
| 100 |
1 |
|
|a Venegas Peña, Sofía
|9 145393
|
| 245 |
|
|
|a Estudio comparativo entre las tinciones de GRAM y GIEMSA para el diagnóstico de Helycobacter Pylori
|c Sofía Venegas Peña, directora Sonia Arízaga Polo
|h dact
|
| 264 |
|
|
|a Cuenca
|c 2002
|
| 300 |
|
|
|a 63 páginas:
|b ilu
|c 30 cm
|
| 502 |
|
|
|a Doctora en Bioquímica y Farmacia
|b Universidad de Cuenca
|c qui
|d Arízaga Polo, Sonia, dir.
|
| 504 |
|
|
|a incl. ref.
|
| 520 |
3 |
|
|a El tema de la tesis desarrollada, esta orientado hacia la identificación microbiológica y patológica de H. pylori tan común en la ciudad de Cuenca. Con este tema se demuestra el papel fundemental que cumple la bacteria en el deasarrollo de enfermedades gastrointestinales. Los datos y estadísticas logrados en este trabajo se han obtenido por investigación directa a biopsias de pacientes con molestias gastrointestinales, con los resultados obtenidos se han evaluado las tinciones, logrando su identificación
|
| 650 |
|
|
|a Helicobacter pylori
|9 134856
|
| 650 |
|
|
|a Ureasa
|9 145394
|
| 650 |
|
|
|a Ulcera peptica
|9 86130
|
| 650 |
|
|
|a Gastritis
|9 86164
|
| 650 |
|
|
|a Mucosa gastrica
|9 145395
|
| 650 |
|
|
|a Cancer gastrico
|9 145396
|
| 650 |
|
|
|a Tesis en bioquimica y farmacia
|9 126683
|
| 650 |
|
0 |
|a Microbiología
|9 12607
|
| 852 |
|
|
|a UC-CDJBV
|f Donación
|l 1
|m Limitada
|p 00000000
|q 1,00
|t TQ-817
|b 1
|d CDRC
|e CDRC
|g CUARTO PISO (SECCION TESIS)
|z 0000-00-00
|
| 942 |
|
|
|c TS
|2 ddc
|
| 999 |
|
|
|c 84175
|d 84175
|